000 01926cam a2200541 i 4500
001 xx003737630
003 NUKAT
005 20260421124403.0
008 160623s2016 pl a f |000 0 pol c
020 _a9788324041206
_q(oprawa miękka) :
_czł 32,90
035 _a(OCoLC)953178156
035 _a(NUKAT)xx003737630
040 _aSZCZ M/HS
_bpol
_erda
_cSZCZ M/HS
_dKR U/PAWs
_dOLSZT 008/bak
045 0 _bd2016
046 _k2016
100 1 _aSalawa, Anna.
_eAutor
_940349
245 1 0 _aZróbmy raban! :
_bniezbędnik na Światowe Dni Młodzieży /
_cAnna Salawa, Karolina Sarniewicz ; redakcja Adam Gutkowski.
260 _aKraków :
_bWydawnictwo Znak,
_c2016.
300 _a219, [2] strony :
_bilustracje ;
_c21 cm.
336 _aTekst
_btxt
_2rdacontent
337 _aBez urządzenia pośredniczącego
_bn
_2rdamedia
338 _aWolumin
_bnc
_2rdacarrier
380 _aKsiążki
380 _aPublikacje religijne
380 _aPoradniki i przewodniki
388 1 _a2001-
500 _aNa okładce odmienna kolejność autorów.
610 2 7 _aKościół katolicki
_2DBN
_937102
611 2 7 _aŚwiatowe Dni Młodzieży
_2DBN
_940352
648 7 _a1901-2000
_2DBN
_934996
648 7 _a1945-1989
_2DBN
_936043
648 7 _a1989-2000
_2DBN
_936156
648 7 _a2001-
_2DBN
_936393
650 7 _aImprezy
_2DBN
_940353
650 7 _aMłodzież
_2DBN
_936362
650 7 _aReligia
_2DBN
_935796
651 7 _aKraków (woj. małopolskie)
_2DBN
_935889
655 7 _aPrzewodnik tematyczny
_2DBN
_938949
655 7 _aRelacja
_2DBN
_940354
658 _aReligia i duchowość
700 1 _aSarniewicz, Karolina.
_eAutor
_940350
700 1 _aGutkowski, Adam.
_eRedakcja
_940351
710 2 _aSpołeczny Instytut Wydawniczy Znak.
_eWydawca
_4pbl
_911774
920 _a978-83-240-4120-6 (oprawa miękka) : zł 32,90
942 _2ddc
_cBK_NM
999 _c27710
_d27710